| 000 | 00886nam a2200205 a 4500 | ||
|---|---|---|---|
| 999 |
_c7701 _d7701 |
||
| 020 | _a9780470941522 | ||
| 020 | _a0470941529 | ||
| 050 | 0 | 0 |
_aHD58.9 _b.L465 2012 |
| 100 | 1 | _aLencioni, Patrick, | |
| 245 |
_aThe advantage : _bwhy organizational health trumps everything else in business _cPatrick Lencioni |
||
| 250 | _aFirst edition. | ||
| 260 |
_a: San Francisco : _bJossey-Bass, _c ©2012. |
||
| 300 |
_axvii, 216 pages ; _c24 cm. |
||
| 505 | 0 | _aThe case for organizational health -- The four disciplines model. Discipline 1: Build a cohesive leadership team -- Discipline 2: Create clarity -- Discipline 3: Overcommunicate clarity -- Discipline 4: Reinforce clarity -- The centrality of great meetings -- Seizing the advantage. | |
| 650 | 0 | _aOrganizational effectiveness. | |
| 650 | 0 | _aOrganization. | |
| 650 | 0 | _aSuccess in business. | |
| 650 | 0 | _aWell-being. | |
| 942 | _cBK | ||